|
|
|
|
| LEADER |
00834nam a22002772a 4500 |
| 001 |
000829628 |
| 003 |
CZ BrMZK |
| 005 |
20210923142001.0 |
| 007 |
ta |
| 008 |
061020s1988 xr er|||||||||||ger d |
| 015 |
|
|
|a cnb000042673
|
| 040 |
|
|
|a BOA001
|b cze
|
| 041 |
1 |
|
|a ger
|h cze
|
| 080 |
9 |
|
|a 908.437.10(437.10)(036)
|
| 080 |
9 |
|
|a 379.85(437.10)(036)
|
| 100 |
1 |
|
|a Flegl, Michal,
|d 1940-2014
|7 jk01031389
|4 aut
|
| 245 |
1 |
0 |
|a Prag /
|c Michal Flégl ; Phot. Jiří und Ivan Doležal
|
| 250 |
|
|
|a 1. deutsche Ausg.
|
| 260 |
|
|
|a Praha :
|b Olympia,
|c 1988
|
| 300 |
|
|
|a 367 s. +
|e 1 volná mp. příl.
|
| 500 |
|
|
|a Přeloženo z češtiny
|
| 910 |
|
|
|a BOA001
|b 2-0932.678
|
| 964 |
|
|
|a Praha - průvodci
|
| 990 |
|
|
|a BK
|
| 991 |
|
|
|b 200610
|
| 996 |
6 |
|
|b 2619336877
|c 2-0932.678
|l MZK
|r Sklad / do 1 hodiny
|n 0
|w 000829628
|u 000010
|a 1
|e BOA001
|j MZK50
|s P
|